| 000 | 00857nam a22002417a 4500 | ||
|---|---|---|---|
| 003 | dpl | ||
| 005 | 20231213164318.0 | ||
| 008 | 231130b |||||||| |||| 00| 0 eng d | ||
| 010 | _aB-756057-060 | ||
| 020 |
_a9788183823425 _c250.00 |
||
| 035 | _aB-756057-060 | ||
| 037 | _bLotus Press | ||
| 040 | _c0 | ||
| 050 | _a170 | ||
| 082 | _a170 | ||
| 245 |
_aChanakya Neeti/ _cEdited by - Mahendra Kulasrestha |
||
| 260 |
_aNew Delhi _bLotus Press _c2023 |
||
| 270 |
_a4263/3, Ansari Road, Darya Ganj, _bNew Delhi _c110002 |
||
| 300 |
_a151p. _c22cm(pbk) |
||
| 700 | _4Kulasrestha, Mahendra | ||
| 942 |
_2ddc _cEN _h170 _mCHA |
||
| 999 |
_c199317 _d199317 |
||